Understanding psychology / (Record no. 283254)
[ view plain ]
| 000 -LEADER | |
|---|---|
| fixed length control field | 00498nam a2200145Ia 4500 |
| 008 - FIXED-LENGTH DATA ELEMENTS--GENERAL INFORMATION | |
| fixed length control field | 150223s9999 xx 000 0 und d |
| 020 ## - INTERNATIONAL STANDARD BOOK NUMBER | |
| International Standard Book Number | 9789810698621 |
| 050 ## - LIBRARY OF CONGRESS CALL NUMBER | |
| Classification number | BF 121 |
| Item number | .C568 2006 |
| 100 ## - MAIN ENTRY--PERSONAL NAME | |
| Personal name | Ciccarelli, Saundara K. |
| 245 ## - TITLE STATEMENT | |
| Title | Understanding psychology / |
| Statement of responsibility, etc | Saundra K. Ciccarelli. |
| 260 ## - PUBLICATION, DISTRIBUTION, ETC. (IMPRINT) | |
| Place of publication, distribution, etc | Singapore : |
| Name of publisher, distributor, etc | Prentice Hall, |
| Date of publication, distribution, etc | 2006 |
| 300 ## - PHYSICAL DESCRIPTION | |
| Extent | 597 pages : |
| Other physical details | Illustration ; |
| Dimensions | 25 cm. |
| 504 ## - BIBLIOGRAPHY, ETC. NOTE | |
| Bibliography, etc | Includes appendix, Index, glossary. |
| 650 ## - SUBJECT ADDED ENTRY--TOPICAL TERM | |
| Topical term or geographic name as entry element | Psychology |
| General subdivision | from the biological perspective. |
No items available.